| 000 | 00819nam a22001935i 4500 | ||
|---|---|---|---|
| 001 | 158618 | ||
| 003 | ES-MaACL | ||
| 005 | 20230906211236.0 | ||
| 008 | 040901s1867 rou |||| | rumod | ||
| 080 | _a008(498) | ||
| 100 | 1 |
_aManiu, V. _9129417 |
|
| 245 | 1 | 0 |
_aUnitatea latina séu Causa romana in procesul nationalitatiloru din puntul de vedere istoricu, juridicu si politicu / _cde V. Maniu. |
| 260 |
_aBucuresci : _b[s.n.], _c1867 ( _fTip. Lucratoriloru Asociati) |
||
| 300 |
_a72 p. ; _c21 cm. |
||
| 597 | _aLos datos de port. se ha transcrito sin los signos que acompañan a las letras vocales y a algunas letras S y T. | ||
| 651 | 4 |
_aRumanía- _xCivilización. _99322 |
|
| 752 |
_aRumanía - _dBucarest |
||
| 852 | 4 |
_aES-MaACL _jT-92-F-17 _z- Enc. hol., falto de cub. original _z- Enc. en un vol. facticio |
|
| 999 |
_c158618 _d158618 |
||